000 00631nam a2200217Ii 4500
003 JO-AjNU
008 230606s9999||||xx |||||||||||||| ||und||
020 _a978-0-13-276358-5
040 _aJO-AjNU
_beng
_erda
_cJO-AjNU
041 _aeng
050 1 4 _aTA683.N39 2012
100 3 _aNawy, Edward,
_eauthor
_94139
245 0 0 _aprestressed concrete A fundamental Approch
250 _a5 ed
264 3 1 _aLondon :pearson , 2012
300 _a948p
336 _atext
_btxt
_2rdacontent
337 _aunmediated
_bn
_2rdamedia
338 _avolume
_bnc
_2rdacarrier
650 4 _aprestressed concrete A fundamental Approch
_94140
999 _aE2153
_c2152
_d2152